Countries of the World Quiz - IMPOSSIBLE - Statistics

General Stats
  • This quiz has been taken 164 times
  • The average score is 15 of 196
Answer Stats
Country % Correct
Afghanistan
99%
Albania
76%
Algeria
55%
Andorra
48%
Angola
42%
Armenia
35%
Australia
35%
Austria
35%
Antigua and Barbuda
34%
Azerbaijan
34%
Argentina
33%
Bahrain
33%
Bahamas
28%
Barbados
27%
Belgium
27%
Bangladesh
24%
Belarus
23%
Belize
23%
Benin
23%
Botswana
23%
Brazil
23%
Bhutan
22%
Bolivia
22%
Bosnia and Herzegovina
22%
Brunei
22%
Burkina Faso
21%
Bulgaria
19%
Burundi
15%
Cambodia
14%
Cameroon
14%
Canada
14%
Chad
12%
Chile
12%
China
12%
Cape Verde
10%
Colombia
10%
Zambia
10%
Zimbabwe
10%
Central African Republic
9%
Comoros
9%
Vatican City
9%
Venezuela
9%
Yemen
9%
Costa Rica
8%
Cuba
8%
Cyprus
8%
Czech Republic
8%
Myanmar
8%
Uruguay
8%
Uzbekistan
8%
Vanuatu
8%
Vietnam
8%
Democratic Republic of the Congo
7%
Denmark
7%
Djibouti
7%
Dominica
7%
Dominican Republic
7%
Ecuador
7%
Egypt
7%
United Kingdom
7%
United States
7%
Croatia
6%
East Timor
6%
El Salvador
6%
Eritrea
6%
Estonia
6%
Ethiopia
6%
Turkmenistan
6%
Ukraine
6%
United Arab Emirates
6%
Equatorial Guinea
5%
Fiji
5%
Finland
5%
France
5%
Gabon
5%
Gambia
5%
Georgia
5%
Germany
5%
Guinea
5%
Guinea-Bissau
5%
Tanzania
5%
Togo
5%
Tonga
5%
Tuvalu
5%
Uganda
5%
Ghana
3%
Greece
3%
Grenada
3%
Ivory Coast
3%
Tajikistan
3%
Thailand
3%
Turkey
3%
Eswatini
2%
Federated States of Micronesia
2%
Guatemala
2%
Guyana
2%
Haiti
2%
Honduras
2%
Hungary
2%
Iceland
2%
India
2%
Indonesia
2%
Iran
2%
Iraq
2%
Ireland
2%
Israel
2%
Italy
2%
Jamaica
2%
Japan
2%
Jordan
2%
Kazakhstan
2%
Kenya
2%
Kiribati
2%
Kosovo
2%
Kuwait
2%
Kyrgyzstan
2%
Laos
2%
Latvia
2%
Lebanon
2%
Senegal
2%
Seychelles
2%
Sierra Leone
2%
South Africa
2%
South Korea
2%
South Sudan
2%
Spain
2%
Sri Lanka
2%
Sweden
2%
Switzerland
2%
Syria
2%
Taiwan
2%
Tunisia
2%
Lesotho
1%
Liberia
1%
Libya
1%
Liechtenstein
1%
Lithuania
1%
Luxembourg
1%
Madagascar
1%
Malawi
1%
Malaysia
1%
Maldives
1%
North Macedonia
1%
Samoa
1%
San Marino
1%
Saudi Arabia
1%
Serbia
1%
Singapore
1%
Sudan
1%
Trinidad and Tobago
1%
Mali
0%
Malta
0%
Marshall Islands
0%
Mauritania
0%
Mauritius
0%
Mexico
0%
Moldova
0%
Monaco
0%
Mongolia
0%
Montenegro
0%
Morocco
0%
Mozambique
0%
Namibia
0%
Nauru
0%
Nepal
0%
Netherlands
0%
New Zealand
0%
Nicaragua
0%
Niger
0%
Nigeria
0%
North Korea
0%
Norway
0%
Oman
0%
Pakistan
0%
Palau
0%
Panama
0%
Papua New Guinea
0%
Paraguay
0%
Peru
0%
Philippines
0%
Poland
0%
Portugal
0%
Qatar
0%
Republic of the Congo
0%
Romania
0%
Russia
0%
Rwanda
0%
Saint Kitts and Nevis
0%
Saint Lucia
0%
Saint Vincent and the Grenadines
0%
São Tomé and Príncipe
0%
Slovakia
0%
Slovenia
0%
Solomon Islands
0%
Somalia
0%
Suriname
0%
No matching quizzes found
Score Distribution
Percent of People with Each Score
Percentile by Number Answered
Your Score History
You have not taken this quiz